| 000 | 01986nam0a2200385 4500 | ||
|---|---|---|---|
| 001 | RU\NLR\BIBL_A\011598748 | ||
| 005 | 20260407204433.0 | ||
| 021 |
_aRU _b2017-94021 _96743 |
||
| 029 | 1 | 0 |
_aRU _b7.3-033-2015 _cР Газпром |
| 035 | _a(RuMoRGB)009476749 | ||
| 035 | _a(NLR Aleph) 011598748 | ||
| 090 |
_a10876470 _c10876470 |
||
| 100 | _a20180119d2017 k y0rusy50 ca | ||
| 101 | 0 | _arus | |
| 102 | _aRU | ||
| 105 | _ay l 000|y | ||
| 200 | 9 |
_aДокументы нормативные для строительства скважин _iОсвоение эксплуатационных скважин в условиях пластовых давлений близких гидростатическим _eР Газпром 7.3-033-2015 _fразработаны "ТюменНИИгипрогаз" |
|
| 205 | _aИзд. офиц. | ||
| 210 |
_aСанкт-Петербург _cГазпром _d2017 |
||
| 215 |
_aIV, 30 с. _d29 |
||
| 225 | 1 |
_aРекомендации организации _fГазпром |
|
| 239 | _aВвед. 12.12.2016, срок действия - 16.09.2018 | ||
| 320 | _aБиблиогр.: с. 28-29 (21 назв.) | ||
| 517 | 1 | _aР Газпром 7.3-033-2015 | |
| 606 | 1 |
_aНефтяные скважины _jНормативные документы _xОсвоение _91738654 _3RU\NLR\AUTH\66777780 |
|
| 686 |
_a75.020 _v2000 _2ОКС |
||
| 686 | 1 | _aИ362.056я82 | |
| 712 | 0 | 2 |
_4725 _a"Газпром", российское акционерное общество _9486484 _3RU\NLR\AUTH\889994843 |
| 712 | 0 | 2 |
_4900 _a"ТюменНИИгипрогаз", общество с ограниченной ответственностью _9610313 _3RU\NLR\AUTH\8810054889 |
| 712 | 0 | 2 |
_4900 _a"Газпром экспо", общество с ограниченной ответственностью _cМосква _9768765 _3RU\NLR\AUTH\8810136529 |
| 942 | _cBOOK | ||
| 980 | _aNBR | ||